000 00532nam a2200193Ia 4500
003 LK-CoDNM
005 20240314104712.0
008 010623t1933 xxu||||| |||| 00| 1 sin d
040 _aLK-CoDNM
_dLK-CoDNM
_eLK-CoDNM
041 _asin
080 _a104 DD19
100 _aDe Lenarol,V.D
245 _aනවීන කර්මානුකුල කියවීම
246 _aNaveena Kramaanukuula Kiyaveema
260 _bVicter Co.
_aColombo
_c1933
300 _bDamaged
_a50p.,21 cm
650 _aText Book
942 _cBK
999 _c96762
_d96762